000 00360nam a2200145Ia 4500
008 191201s2004 xx 000 0 und d
082 _a621.382
_bMAE
100 _aMAINI, A K
245 0 _aElectronics and Communication simplified
250 _a9th
260 _aN.Delhi
_bKhanna Publisher
_c2004
300 _a1128
650 _aB.Tech(ECE)
942 _2ddc
_cBK
999 _c1880
_d1880